000 00637nam a22001937a 4500
999 _c165505
_d165505
005 20190620143818.0
010 _aUR-10223
020 _c100.00
_a9789388105965
035 _aU-8778
037 _bDBAD/PUB
082 _a808
100 _aجا و يد ا حسن
245 _aنو ا ز ش نا مے
_cجا و يد ا حسن
246 _bNawazish Naame (Urdu)
_aComp. Javed Ahsan
260 _a Delhi
_bEducational Publishing House
_c2018 ء
270 _a3191،Vakil Street,Kucha Pandit,Lal Kuan,
_bDelhi
_e110006
_k23216162
_l00911123211540
300 _a96ص
_c22 Cm(Hb)
942 _2ddc
_cUR
_h808
_mج ا و